<?xml version="1.0" encoding="UTF-8"?><?xml-stylesheet type="text/xsl" href="static/style.xsl"?><OAI-PMH xmlns="http://www.openarchives.org/OAI/2.0/" xmlns:xsi="http://www.w3.org/2001/XMLSchema-instance" xsi:schemaLocation="http://www.openarchives.org/OAI/2.0/ http://www.openarchives.org/OAI/2.0/OAI-PMH.xsd"><responseDate>2026-04-27T12:42:48Z</responseDate><request verb="GetRecord" identifier="oai:uvadoc.uva.es:10324/76480" metadataPrefix="marc">https://uvadoc.uva.es/oai/request</request><GetRecord><record><header><identifier>oai:uvadoc.uva.es:10324/76480</identifier><datestamp>2025-07-21T19:03:49Z</datestamp><setSpec>com_10324_38</setSpec><setSpec>col_10324_852</setSpec></header><metadata><record xmlns="http://www.loc.gov/MARC21/slim" xmlns:doc="http://www.lyncode.com/xoai" xmlns:xsi="http://www.w3.org/2001/XMLSchema-instance" xmlns:dcterms="http://purl.org/dc/terms/" xsi:schemaLocation="http://www.loc.gov/MARC21/slim http://www.loc.gov/standards/marcxml/schema/MARC21slim.xsd">
<leader>00925njm 22002777a 4500</leader>
<datafield tag="042" ind1=" " ind2=" ">
<subfield code="a">dc</subfield>
</datafield>
<datafield tag="720" ind1=" " ind2=" ">
<subfield code="a">Santos Cítores, Ángela</subfield>
<subfield code="e">author</subfield>
</datafield>
<datafield tag="260" ind1=" " ind2=" ">
<subfield code="c">2025</subfield>
</datafield>
<datafield tag="520" ind1=" " ind2=" ">
<subfield code="a">El presente Trabajo Fin de Grado presenta una propuesta de intervención educativa dirigida a alumnado de cuatro años del segundo ciclo de Educación Infantil, con el objetivo de fomentar el conocimiento y la valoración del patrimonio cultural, histórico y social de la ciudad de Aranda de Duero (Burgos). La intervención se basa en un enfoque globalizador y vivencial, y se desarrolla a través de la metodología del Aprendizaje Basado en Proyectos (ABP), combinando estrategias como el uso de cuentos, imágenes, juegos y salidas didácticas.&#xd;
La propuesta promueve el sentido de pertenencia, el desarrollo de la identidad cultural, la expresión oral, la cooperación y el respeto por la diversidad cultural. A partir de los resultados obtenidos de la puesta en práctica, se evidencia que trabajar el patrimonio cultural no solo es posible, sino también recomendable. Esta etapa educativa representa un momento clave para acercar al alumnado a su entorno, favoreciendo una comprensión significativa del mismo y contribuyendo a la formación de una ciudadanía crítica, consciente y comprometida desde edades tempranas.</subfield>
</datafield>
<datafield tag="024" ind2=" " ind1="8">
<subfield code="a">https://uvadoc.uva.es/handle/10324/76480</subfield>
</datafield>
<datafield tag="245" ind1="0" ind2="0">
<subfield code="a">Propuesta de intervención sobre el patrimonio de Aranda de Duero en educación infantil</subfield>
</datafield>
</record></metadata></record></GetRecord></OAI-PMH>